Responses for Show #4015 - Friday, February 1, 2002

Contestants

[<< previous game]

Andrew Sims, a high school social studies teacher from Laguna Niguel, California

Anne Takemoto, a consultant from Marina del Rey, California

Susan Robbins, a training and development professional from Chicago, Illinois (whose 1-day cash winnings total $11,601)

[next game >>]

Jeopardy! Round responses

THAT'S A PAULING
COLLEGE SPORTS
MASS COMMUNICATION
THE NEAREST U.S. EMBASSY
(Alex: Tell us what city it's in.)
RAINY DAY GAMES
BRIEFLY
    $200 24
(Anne: Uh, what is biology?)
...
(Alex: We have less than a minute now, Andrew.)

high school diploma

Anne
Triple Stumper
    $200 15
USC

Anne
    $200 16
satellite

Susan
    $200 10
Lisbon

Susan
    $200 1
hangman

Andrew
    $200 6
not in my backyard

Susan
    $400 25
vitamin C

Susan
    $400 21
Jack Nicklaus

Triple Stumper
    $400 17
jukebox

Susan
    $400 11
Athens

Susan
    $400 2
tiddlywinks

Andrew
    $400 7
biscuit

Andrew
    $600 22
(Susan: Who is Arthur Ashe?)

Jimmy Connors

Susan
Triple Stumper
    $600 18
newsreel

Andrew
    $600 12
(Susan: What is [**]?)
(Anne: What is Auckland?)
(Andrew: What is Dublin?)
[Susan's response is ruled incorrect followed by two more incorrect responses. Alex gives the correct response, [*], New Zealand. Susan's response is later ruled correct since there is a Christchurch in Dorset County in England. That erases the incorrect responses by Anne and Andrew.]

Wellington (or London)

Susan
    $600 3
candlestick

Andrew
    $600 8
first in, first out

Susan
    $800 23
Pete Maravich

Triple Stumper
    $800 19
tabloids

Andrew
    $800 13
(Anne: What is Port Elizabeth?)

Pretoria

Anne
Triple Stumper
    $800 4
backgammon

Susan
    $800 9
myocardial infarction

Anne
    $1000 27
[The end-of-round signal sounds.]

(John) Elway

Andrew
    $1000 20
kinescope

Triple Stumper
    $1000 14
(Susan: What is...)

Bogotá

SusanAndrew
    $1000 5
(Andrew: What is X?)

Q (or Z)

SusanAndrew
    $1000 26
computer graphic (generated)

Andrew

Scores at the first commercial break (after clue 15):

Susan Anne Andrew
$2,800 $200 $1,600

Scores at the end of the Jeopardy! Round:

Susan Anne Andrew
$3,200 $0 $5,000

Double Jeopardy! Round responses

TAKE THE "MONEY" & RUN
HUSBANDS & WIVES
STARDUST MEMORIES
NEW YORK STORIES
CRIMES & MISDEMEANORS
WOODY ALLEN
    $400 16
money order

Susan
    $400 1
(John) Ross

Susan
    $400 6
Jupiter

Andrew
    $400 11
West Side Story

Susan
    $400 21
(Alex: One minute to go, Susan.)

Bob Hope

Triple Stumper
    $800 17
moneybags

Susan
    $800 2
Consort

Susan
    $800 7
Mars

Andrew
    $800 12
(Susan: Who is Mark Twain?)

Washington Irving

SusanAnne
    $800 25
[The end-of-round signal sounds.]

Brooklyn

Susan
    $1200 18
money laundering

Susan
    $1200 3
Anne Hathaway

Anne
    $1200 8
eclipse

Susan
    $1200 13
The Great Gatsby

Anne
    $1200 22
clarinet

Susan
    $1600 19
Money Train

Triple Stumper
    $1600 4
(Kurt) Weill

Anne
    $1600 9
(Andrew: What is a comet?)

asteroid

SusanAndrew
    $1600 14
(Anne: Who is Little Orphan Annie?)

Eloise

Anne
Triple Stumper
    $1600 23
What's New Pussycat?

Susan
    $2000 20
money market fund

Susan
    $2000 5
(Anne: Who is Frederico Fellini?)
[Anne's response is accepted as correct and a few clues later the decision is reversed due to her extra letter on the first name.]

Federico Fellini

Anne
Triple Stumper
    $2000 10
pulsar

Triple Stumper
    $1,200 15
The Natural

Anne
    $5,000 24
André Previn

Susan

Scores at the end of the Double Jeopardy! Round:

Susan Anne Andrew
$19,800 $2,400 $4,600
(lock game)

[wagering suggestions for these scores]

Final Jeopardy! Round responses

AMERICAN COMPOSERS
(Alex: [After seeing Susan's response] "Rhapsody in Blue" was the work, wasn't it?)
[NOTE: George was not specified as the first name.]
AnneWho is
$2,399
AndrewWho was Gershwin
$201
SusanWho is Gershwin?
$5,000
Gershwin

Final scores:

Susan Anne Andrew
$24,800 $1 $4,801
2-day champion: $36,401 3rd place: trip to Cape Cod, Massachusetts & stay at Cape Codder Resort 2nd place: trip to Los Cabos, Mexico by Yahoo! Travel

Game dynamics:

Coryat scores:

Susan Anne Andrew
$16,800 $3,200 $4,600
23 R
(including 1 DD),
3 W
7 R
(including 1 DD),
4 W
11 R,
2 W

Combined Coryat: $24,600

[game clues] [game scores] [suggest correction]

Game tape date: 2001-11-07
The J! Archive is created by fans, for fans. Scraping, republication, monetization, and malicious use prohibited; this site may use cookies and collect identifying information. See terms. The Jeopardy! game show and all elements thereof, including but not limited to copyright and trademark thereto, are the property of Jeopardy Productions, Inc. and are protected under law. This website is not affiliated with, sponsored by, or operated by Jeopardy Productions, Inc. Join the discussion at JBoard.tv.